Código penal de España (Record no. 44828)
[ view plain ]
| 000 -LEADER | |
|---|---|
| campo de control de longitud fija | 00761nam a2200217 i 4500 |
| 001 - NÚMERO DE CONTROL | |
| campo de control | 44828 |
| 003 - IDENTIFICADOR DE NÚMERO DE CONTROL | |
| campo de control | ES-MaACL |
| 005 - FECHA Y HORA DE LA ÚLTIMA TRANSACCIÓN | |
| campo de control | 20250809035211.0 |
| 007 - CAMPO FIJO DE DESCRIPCIÓN FÍSICA--INFORMACIÓN GENERAL | |
| campo de control de longitud fija | t| |
| 008 - DATOS DE LONGITUD FIJA--INFORMACIÓN GENERAL | |
| campo de control de longitud fija | 030324s1850 sp ||||1| spa d |
| 080 ## - NÚMERO DE LA CLASIFICACIÓN DECIMAL UNIVERSAL | |
| Número de la Clasificación Decimal Universal | 343(460)"1850"(094.4) |
| 245 00 - MENCIÓN DEL TÍTULO | |
| Título | Código penal de España |
| Resto del título | : refundido por la nueva ley de 30 de junio de este año y dispuesto en forma de diálogo / |
| Mención de responsabilidad, etc. | por Pedro Carrillo y Sánchez. |
| 260 ## - PUBLICACIÓN, DISTRIBUCIÓN, ETC. | |
| Lugar de publicación, distribución, etc. | Madrid : |
| Nombre del editor, distribuidor, etc. | E. Aguado, |
| Fecha de publicación, distribución, etc. | 1850. |
| 300 ## - DESCRIPCIÓN FÍSICA | |
| Extensión | 189 p. ; |
| Dimensiones | 21 cm. |
| 610 14 - PUNTO DE ACCESO ADICIONAL DE MATERIA--NOMBRE DE ENTIDAD CORPORATIVA | |
| Nombre de entidad corporativa o nombre de jurisdicción como elemento de entrada | España. |
| Título de la obra | Código penal, 1850. |
| 9 (RLIN) | 152602 |
| 650 #4 - PUNTO DE ACCESO ADICIONAL DE MATERIA--TÉRMINO DE MATERIA | |
| Término de materia o nombre geográfico como elemento de entrada | Derecho penal- |
| Subdivisión geográfica | España |
| 9 (RLIN) | 11752 |
| 700 1# - ENTRADA AGREGADA--NOMBRE PERSONAL | |
| Nombre de persona | Carrillo y Sánchez, Pedro. |
| 9 (RLIN) | 35784 |
| 710 1# - ENTRADA AGREGADA--NOMBRE DE ENTIDAD CORPORATIVA | |
| Nombre de entidad corporativa o nombre de jurisdicción como elemento de entrada | España. |
| Título de la obra | Código penal, 1850. |
| 9 (RLIN) | 152602 |
| 852 4# - LOCALIZACIÓN | |
| Ubicación | ES-MaACL |
| Número de control de estantería | D-1182 |
| Estatus retirado | Estado de pérdida | Estado de daño | No para préstamo | Colección | Biblioteca de origen | Biblioteca actual | Ubicación en estantería | Fecha de adquisición | Fuente de adquisición | Total de préstamos | Signatura topográfica completa | Código de barras | Visto por última vez | Precio de reemplazo | Tipo de ítem Koha |
|---|---|---|---|---|---|---|---|---|---|---|---|---|---|---|---|
| Libros del s. XIX | Biblioteca del Ateneo de Madrid | Biblioteca del Ateneo de Madrid | Sala Valle Inclán | 17/01/2008 | D-1182 | 901047178 | 23/02/2023 | 23/02/2023 | Libro impreso antiguo |
